000 00697nam a2200217 i 4500
001 bg
245 0 0 _aSłownik obrazkowy niemiecko-angielski /
_cOxford-Duden.
246 1 1 _aBildwörterbuch Deutsch und English
260 _aWarszawa :
_b"Wiedza Powszechna" :
_bPhilip Wilson,
_c1996.
300 _a677, [2], 87, 96 s. :
_brys. (w tym kolor.) ;
_c23 cm.
500 _aTyt. równol. : Bildwörterbuch Deutsch und English.
504 _aIndeksy.
650 9 _aSłowniki niemiecko-angielskie
020 _a8321408966
040 _cBPK
041 0 _aende
080 _a811.112.2::811.111]'374(02.025.2)
920 _a83-214-0896-6
942 _cKS
008 s pl f |000 0 pol
999 _c33588
_d33588